000 00887nam a2200313 a 4500
001 vtls001440817
003 NLI
005 20210627122045.0
008 121130s1995 ii 001 0 eng
020 _a0074601040
039 9 _y201211301656
_zVLOAD
040 _aNLI
_beng
_cDatasoft_GENG
_eAACR2
041 0 _aeng
044 _aii
082 0 4 _a535.84
100 1 _aDani, V. R.
_91003945
245 1 0 _aOrganic spectroscopy /
_cV. R. Dani
260 _aNew Delhi :
_bTata McGraw-Hill Education,
_cc1995
300 _ax, 478 p.:
_bill. ;
_c24 cm.
504 _aIncludes bibliographical references and index
650 0 _aChemistry, Organic
_9678531
650 0 _aSpectroscopy
_9862044
887 _a
901 _aDB67740
_b30.11.1995
902 _aE 535.84 D 22
904 _l2652
949 _AVIRTUAITEM
_D10000
_X100
_6DBA000067740ENG
942 _2ddc
_cBKS
999 _aVIRTUA40
_c892012
_d892012